Applied Thermodynamics: For Engineering Technologists

Bibliographic Details
Main Author: Eastor T. D.
Other Authors: McConkey A.
Language:English
Published: Addison Wesley Longman, 1998
Edition:5th ed.
Subjects:
Format: Book
KOHA link:https://koha.lib.tpu.ru/cgi-bin/koha/opac-detail.pl?biblionumber=13982

MARC

LEADER 00000nam0a2200000 4500
001 13982
005 20231030185302.0
010 |a 0582091934 
035 |a (RuTPU)RU\TPU\book\14070 
035 |a BOOK00014139 
090 |a 13982 
100 |a 20011209d1998 m y0engy50 ba 
101 0 |a eng 
102 |a GB 
105 |a y j 000zy 
200 1 |a Applied Thermodynamics  |e For Engineering Technologists  |f T. D. Eastor, A. McConkey 
205 |a 5th ed. 
210 |c Addison Wesley Longman  |d 1998 
215 |a 715 p. 
610 1 |a термодинамика 
610 1 |a учебные пособия 
610 1 |a английский язык 
675 |a 536(07)  |v 3 
700 1 |a Eastor  |b T. D. 
701 1 |a McConkey  |b A. 
801 0 |a RU  |b 63413507  |c 20011209  |g PSBO 
801 2 |a RU  |b 63413507  |c 20110930  |g PSBO 
942 |c BK